Statystyki dla Najlepsze ligi koszykarskie na świecie

Kliknij tutaj aby rozwiązać quiz!

Ogólne statystyki

  • Ten quiz został rozwiązany 57 razy
  • Średni wynik to 2 z 15

Statystyki odpowiedzi

HintOdpowiedź% Poprawnych
1.NBA
100%
2.Euroliga
37%
8.Liga francuska
12%
11.Liga Mistrzów
12%
4.Liga hiszpańska
10%
5.Liga turecka
10%
9.Liga grecka
8%
10.Liga niemiecka
8%
7.Liga włoska
8%
3.EuroCup
6%
13.Liga australijska
6%
14.Liga izraelska
6%
12.Liga Adriatycka
4%
15.Liga chińska CBA
2%
6.Liga VTB
2%

Rozkład punktacji

Percentyl według liczby udzielonych odpowiedzi

Procent ludzi z każdym wynikiem

Twoja historia wyników

Nie rozwiązałeś tego quizu